Corporate accounability and sustainable development / (Record no. 18171)

MARC details
000 -LEADER
fixed length control field 01127nam a2200289 a 4500
005 - DATE AND TIME OF LATEST TRANSACTION
control field 20060722155810.0
008 - FIXED-LENGTH DATA ELEMENTS--GENERAL INFORMATION
fixed length control field 030918s2003 ii ab b 001 0 eng
010 ## - LCCN (DPL NO)
LC control number ENG-91564
020 ## - INTERNATIONAL STANDARD BOOK NUMBER
International Standard Book Number 9780195697346
Terms of availability 650.00
020 ## - INTERNATIONAL STANDARD BOOK NUMBER
International Standard Book Number 0195697340
Terms of availability 650.00
035 ## - SYSTEM CONTROL NUMBER
System control number EN-75097
037 ## - SOURCE OF ACQUISITION
Source of stock number/acquisition DBAD / PUB
040 ## - CATALOGING SOURCE
Original cataloging agency dpl
Language of cataloging English
082 ## - DEWEY DECIMAL CLASSIFICATION NUMBER
Classification number 332.10684
245 ## - TITLE STATEMENT
Title Corporate accounability and sustainable development /
Statement of responsibility, etc edited by Peter Utting (and) Jennifer Clapp
260 ## - PUBLICATION, DISTRIBUTION, ETC. (IMPRINT)
Place of publication, distribution, etc New Delhi
Name of publisher, distributor, etc Oxford University Press
Date of publication, distribution, etc 2008
300 ## - PHYSICAL DESCRIPTION
Extent xvi, 259 p.
Dimensions 22 cm (Hb)
490 ## - SERIES STATEMENT
Series statement Ecological economics and human well-being;edited by Joan Martinez-Alier (and) Pushpam Kumar
500 ## - GENERAL NOTE
General note Includes index.
520 ## - SUMMARY, ETC.
Summary, etc Contributed essays.
650 ## - SUBJECT ADDED ENTRY--TOPICAL TERM
Topical term or geographic name as entry element Corporate governance
650 ## - SUBJECT ADDED ENTRY--TOPICAL TERM
Topical term or geographic name as entry element Social responsibility of business
700 ## - ADDED ENTRY--PERSONAL NAME
Personal name Utting, Peter
700 ## - ADDED ENTRY--PERSONAL NAME
Personal name Clapp, Jennifer
942 ## - ADDED ENTRY ELEMENTS (KOHA)
Source of classification or shelving scheme Dewey Decimal Classification
Item type English Books
Call number suffix COR
Classification part 332.10684
Holdings
Withdrawn status Lost status Source of classification or shelving scheme Damaged status Not for loan Collection code Home library Current library Date acquired Source of acquisition Cost, normal purchase price Total Checkouts Full call number Barcode Date last seen Copy number Cost, replacement price Koha item type
    Dewey Decimal Classification   Not For Loan Non-fiction D.B.Act.Division D.B.Act.Division 07/11/2008 DBAD / PUB 650.00   332.10684 COR EN-75097 07/11/2008 1 650.00 English Books

© Delhi Public Library
Hit Counter
free hit counter